000
00284nam a22001337a 4500
008
170526b xxu||||| |||| 00| 0 eng d
020
_a
0830617639
041
_a
eng
080
_a
624
100
_a
25
101
_a
IM
245
_a
PLUMBING TECHNIQUES
_c
SMITH,A.J
942
_2
udc
_c
BK
999
_c
14328
_d
14328